000
00214 a2200097 4500
001
10887
100
_a
Russell, B.
245
_a
New Hopes for a changing world
260
_a
_b
George Allen
_c
090
_c
8460
_d
8460
942
_a
NUST-CAE
_c
M
_c
35223
999
_c
245960
_d
245960